| 000 | 00562 a2200181 4500 | ||
|---|---|---|---|
| 999 |
_c41189 _d41189 |
||
| 003 | OSt | ||
| 005 | 20210701111508.0 | ||
| 008 | 210701b ||||| |||| 00| 0 eng d | ||
| 020 | _a 9788173718748 | ||
| 040 | _coclc | ||
| 082 |
_a547.05 _bGUP/B |
||
| 100 |
_aGupta, B D _94318 |
||
| 245 |
_aBasic organometallic chemistry : concepts, syntheses, and applications _cB D Gupta, A J Elias |
||
| 250 | _a2nd ed. | ||
| 260 |
_aHyderabad: _bUniversity Press, _c2018. |
||
| 300 | _a513 pages | ||
| 942 |
_2ddc _cBK _h547.05 _iGUP/B _k547.05 _mGUP/B |
||